Catalog

Record Details

Catalog Search



The high druid's blade #1 [Large Print] : the ... Read More

Brooks, Terry,(author.).

Available copies

  • 1 of 1 copy available at LARL/NWRL Consortium.
  • 1 of 1 copy available at Lake Agassiz Regional Library. (Show preferred library)

Current holds

0 current holds with 1 total copy.

Show Only Available Copies
Location Call Number / Copy Notes Barcode Shelving Location Status Due Date
Moorhead Public Library LARGE PRINT SF BRO (Text) 33500011749298 Main Available -

Record details

  • ISBN: 9781410467560 (hardback)
  • ISBN: 1410467562 (hardcover)
  • Physical Description: 531 pages (large print) : map ; 23 cm
  • Edition: Large print edition.
  • Publisher: Waterville, Maine : Thorndike Press, 2014

Content descriptions

Summary, etc.:
"Paxon Leah never thought of the old family sword ... Read More
Subject: Shannara (Imaginary place) > Fiction.
Quests (Expeditions) > Fiction.
Good and evil > Fiction.
Druids and druidism > Fiction.
Large type books.
FICTION / Fantasy / General.
Genre: Fantasy fiction.
LDR 02401cam a22004938i 4500
001170160
003LARL_NWRL_CONSORTIUM
00520140916172402.0
008140610t20142014meub d 000 1 eng
019 . ‡a868642638
020 . ‡a9781410467560 (hardback)
020 . ‡a1410467562 (hardcover)
035 . ‡a(OCoLC)881318346 ‡z(OCoLC)868642638
042 . ‡apcc
08200. ‡a813/.54 ‡223
084 . ‡aFIC009000 ‡2bisacsh
1001 . ‡aBrooks, Terry, ‡eauthor. ‡0(LARL_NWRL_CONSORTIUM)5221
24514. ‡aThe high druid's blade ‡n#1 ‡h[Large Print] : ‡bthe Defenders of Shannara / ‡cTerry Brooks.
250 . ‡aLarge print edition.
260 . ‡aWaterville, Maine : ‡bThorndike Press, ‡c2014
260 . ‡c©2014.
300 . ‡a531 pages (large print) : ‡bmap ; ‡c23 cm
336 . ‡atext ‡btxt ‡2rdacontent
337 . ‡aunmediated ‡bn ‡2rdamedia
338 . ‡avolume ‡bnc ‡2rdacarrier
340 . ‡nlarge print. ‡2rda
4900 . ‡aDefenders of Shannara ; ‡v1
520 . ‡a"Paxon Leah never thought of the old family sword hanging above his living room hearth as anything other than an intriguing ornament...until his sister is kidnapped by a sorcerer. Following the dark mage with nothing but this piece of steel to protect him, Paxon stumbles into a plot to overthrow the Druids and remake the world...and accidentally unlocks the powers of the ancient blade. Now, he must learn to master the sword's power in order to protect not only his sister, but also the very people who are teaching him to control his powers in the first place: the Druids!"-- ‡cProvided by publisher.
650 0. ‡aShannara (Imaginary place) ‡vFiction. ‡0(LARL_NWRL_CONSORTIUM)174987
650 0. ‡aQuests (Expeditions) ‡vFiction. ‡0(LARL_NWRL_CONSORTIUM)166982
650 0. ‡aGood and evil ‡vFiction. ‡0(LARL_NWRL_CONSORTIUM)165509
650 0. ‡aDruids and druidism ‡vFiction. ‡0(LARL_NWRL_CONSORTIUM)168989
650 0. ‡aLarge type books. ‡0(LARL_NWRL_CONSORTIUM)24284
650 7. ‡aFICTION / Fantasy / General. ‡2bisacsh
655 7. ‡aFantasy fiction. ‡2gsafd
901 . ‡a170160 ‡bOCLC ‡c170160 ‡tbiblio

Additional Resources